| 000 | 00573nam a22001697a 4500 | ||
|---|---|---|---|
| 005 | 20251108164712.0 | ||
| 008 | 250721s1997 xx 000 0 ara d | ||
| 082 | 1 | 4 | _a811.209/حمد |
| 100 | 1 | _aأبو حمدة، محمد علي | |
| 245 | 1 | 0 | _aفي التذوق الجمالي و الإسلوبي لقصيدة بانت سعاد لكعب بن زهير ... / |
| 264 | 1 |
_aعمان : _bدار عمار، _c1997. |
|
| 300 | _a88 ص | ||
| 490 | 0 | _aالنقد الأدبي التطبيقي ؛52 | |
| 650 | 1 | 7 | _aالشعر المخضرم |
| 942 |
_2ddc _cBK |
||
| 999 |
_c12239 _d12239 |
||